Angielskie nazwy warzyw - Statystyki

Ogólne statystyki
  • Ten quiz został rozwiązany 217 razy
  • Średni wynik to 14 z 24
Statystyki odpowiedzi
Polski Angielski % Poprawnych
Pomidor Tomato
96%
Cebula Onion
93%
Marchewka Carrot
92%
Ziemniak Potato
92%
Kukurydza Corn / maize
86%
Fasola Bean
75%
Ogórek Cucumber
74%
Czosnek Garlic
74%
Dynia Pumpkin
72%
Brokuł Broccoli
71%
Papryka Pepper
71%
Sałata Lettuce
59%
Kapusta Cabbage
47%
Szparag Asparagus
46%
Bakłażan Aubergine / eggplant
45%
Burak Beetroot
43%
Cukinia Courgette / zucchini
37%
Kalafior Cauliflower
36%
Groch Pea
36%
Rzodkiewka Radish
29%
Por Leek
25%
Pietruszka Parsley
22%
Rabarbar Rhubarb
22%
Pasternak Parsnip
11%
Nie znaleziono quizów pasujących do podanych kryteriów
Rozkład punktacji
Procent ludzi z każdym wynikiem
Percentyl według liczby udzielonych odpowiedzi
Twoja historia wyników
Nie rozwiązałeś tego quizu